The noble scholar, jurist, historian


 His Excellency Dr. Abdul Wahhab bin Ibrahim Abu Sulaiman, may Allah have mercy on him.


 He was born in Umm Al-Qura in the year 1356 AH.

المواهب اللدنية على الشمائل المحمدية للحافظ أبي عيسى محمد بن عيسى الترمذي (ت. 279 هـ.) / (Record no. 77)

MARC details
000 -LEADER
fixed length control field 02302cam a22003611ia4500
003 - CONTROL NUMBER IDENTIFIER
control field OSt
005 - DATE AND TIME OF LATEST TRANSACTION
control field 20240908142418.0
008 - FIXED-LENGTH DATA ELEMENTS--GENERAL INFORMATION
fixed length control field 240906s2023 ua a g b 000 0bara c
020 ## - INTERNATIONAL STANDARD BOOK NUMBER
International Standard Book Number 9789778570109
040 ## - CATALOGING SOURCE
Original cataloging agency SA-RiAUC
Language of cataloging ara
Transcribing agency SA-RiAUC
Description conventions rda
082 04 - DEWEY DECIMAL CLASSIFICATION NUMBER
Classification number 239.6
Assigning agency SA-RiAUC
090 ## - LOCALLY ASSIGNED LC-TYPE CALL NUMBER (OCLC); LOCAL CALL NUMBER (RLIN)
Classification number (OCLC) (R) ; Classification number, CALL (RLIN) (NR) 239.6
Local cutter number (OCLC) ; Book number/undivided call number, CALL (RLIN) ب ا ج
100 1# - MAIN ENTRY--PERSONAL NAME
Personal name الباجوري، إبراهيم بن محمد بن أحمد،
Dates associated with a name 1198-1277 هجري
Relator term مؤلف.
245 12 - TITLE STATEMENT
Title المواهب اللدنية على الشمائل المحمدية للحافظ أبي عيسى محمد بن عيسى الترمذي (ت. 279 هـ.) /
Statement of responsibility, etc. تأليف شيخ الأزهر الإمام العلامة إبراهيم بن محمد بن أحمد الباجوري الشافعي ؛ دراسة وتحقيق بشير محمد بشير الدروقي، علي محمد بشير الدروقي، فتحي سعد الصالحين العوكلي.
250 ## - EDITION STATEMENT
Edition statement الطبعة الأولى.
264 #1 - PRODUCTION, PUBLICATION, DISTRIBUTION, MANUFACTURE, AND COPYRIGHT NOTICE
Place of production, publication, distribution, manufacture القاهرة :
Name of producer, publisher, distributor, manufacturer دار الصالح،
Date of production, publication, distribution, manufacture, or copyright notice 2023
300 ## - PHYSICAL DESCRIPTION
Extent 2 مجلد ،
Other physical details إيضاحيات ؛
Dimensions 25 سم
336 ## - CONTENT TYPE
Content type term نص
Content type code txt
Source rdacontent
Materials specified كتاب
337 ## - MEDIA TYPE
Media type term بدون وسيط
Media type code n
Source rdamedia
338 ## - CARRIER TYPE
Carrier type term مجلد
Carrier type code nc
Source rdacarrier
500 ## - GENERAL NOTE
General note ملاحظات من الشيخ الدكتور عبدالوهاب سليمان رحمه الله بداخل الكتاب: ( واشار رحمة الله الى شيخة محمد حسن مشاط وشيوخا اخرين )
504 ## - BIBLIOGRAPHY, ETC. NOTE
Bibliography, etc. note ببليوجرافية : صفحة 1187-1225.
600 07 - SUBJECT ADDED ENTRY--PERSONAL NAME
Personal name محمد (صلى الله عليه وسلم)،
Dates associated with a name 53 قبل الهجرة-11 هجري
Source of heading or term aucnm
650 #7 - SUBJECT ADDED ENTRY--TOPICAL TERM
Topical term or geographic name entry element أخلاق الرسول
Source of heading or term aucsh
650 #7 - SUBJECT ADDED ENTRY--TOPICAL TERM
Topical term or geographic name entry element السيرة النبوية
Source of heading or term aucsh
700 1# - ADDED ENTRY--PERSONAL NAME
Personal name الدروقي، بشير محمد بشير
Relator term محقق.
700 1# - ADDED ENTRY--PERSONAL NAME
Personal name الدروقي، علي محمد بشير
Relator term محقق.
700 1# - ADDED ENTRY--PERSONAL NAME
Personal name العوكلي، فتحي سعد الصالحين
Relator term محقق.
700 12 - ADDED ENTRY--PERSONAL NAME
Relationship information تحقيق لـ (عمل) :
Personal name الباجوري، إبراهيم بن محمد بن أحمد،
Dates associated with a name 1198-1277 هجري.
Title of a work المواهب اللدنية على الشمائل المحمدية
700 12 - ADDED ENTRY--PERSONAL NAME
Relationship information مع (عمل) :
Personal name الترمذي، محمد بن عيسى بن سورة،
Dates associated with a name 209-279 هجري.
Title of a work الشمائل المحمدية
942 ## - ADDED ENTRY ELEMENTS (KOHA)
Source of classification or shelving scheme Dewey Decimal Classification
Koha item type Books
949 ## - LOCAL PROCESSING INFORMATION (OCLC)
a SA-JeALM
d 240906
u mohamedma123
n 1
Holdings
Withdrawn status Lost status Source of classification or shelving scheme Damaged status Not for loan Home library Current library Date acquired Total checkouts Full call number Barcode Date last seen Price effective from Koha item type
    Dewey Decimal Classification     DR AbdElwahab Library DR AbdElwahab Library 09/08/2024   ن 239.6 ب ا ج 000000141 09/08/2024 09/08/2024 كتاب نادر